El proceso de redacción del último testamento de Fernando el Católico el 22 de enero de 1516
Saved in:
| Main Authors: | , |
|---|---|
| Format: | Book |
| Language: | Spanish |
| Published: |
Zaragoza
Institución Fernando el Católico
2015
|
| Edition: | 1a. ed |
| Subjects: | |
| Tags: |
Add Tag
No Tags, Be the first to tag this record!
|
MARC
| LEADER | 00000cam a2200000 a 4500 | ||
|---|---|---|---|
| 001 | UCC6778 | ||
| 003 | CL-VaPUC | ||
| 008 | 190111e20150000sp |||||||||||||||||spa|d | ||
| 020 | |a 9788499113586 | ||
| 082 | 0 | 4 | |a 327.46 |b CAL |2 21 |
| 100 | 0 | |a Calderón Ortega, José Manuel |e author |9 601265 | |
| 700 | 0 | |a Díaz González, Francisco Javier |e author |9 601266 | |
| 245 | 1 | 3 | |a El proceso de redacción del último testamento de Fernando el Católico el 22 de enero de 1516 |
| 250 | |a 1a. ed | ||
| 300 | |a 90 p | ||
| 942 | |c BK | ||
| 945 | |d 20190111 14:04:00 |a dcastane | ||
| 260 | |a Zaragoza |b Institución Fernando el Católico |c 2015 | ||
| 600 | 0 | 7 | |a FERNANDO EL CATOLICO |2 CL-VaPUC |9 442584 |
| 650 | 7 | |a HISTORIA DE ESPAÑA SIGLO 16 |2 CL-VaPUC |9 318547 | |
| 650 | 0 | |a Biografías |9 255210 | |
| 650 | 7 | |a DIPLOMACIA ESPAÑOLA |2 CL-VaPUC |9 601267 | |
| 583 | |a last modification |c 20190111 14:04:00 |k Rodrigo Vera | ||
| 999 | |c 373634 |d 373632 | ||
| 952 | |0 0 |1 0 |3 erb |4 0 |6 327_460000000000000_CAL_2015 |7 0 |8 DER_HDC |9 491828 |a BIBDER |b BIBDER |i 5528070 |l 1 |o 327.46 CAL 2015 |p 5528070 |r 2023-01-25 |s 2020-03-19 |w 2019-11-24 |x Ubicación 4to Piso |y BK |z Estos recursos deben solicitarse con anticipación |k DER | ||